Central Library OPAC University of Rajshahi

বাংলার চিত্রকলা / (Record no. 62770)

MARC details
000 -LEADER
fixed length control field 00857nam a2200229 a 4500
001 - CONTROL NUMBER
control field 62770
003 - CONTROL NUMBER IDENTIFIER
rucl marc code BD-RjUL
005 - DATE AND TIME OF LATEST TRANSACTION
control field 20211209081124.0
008 - FIXED-LENGTH DATA ELEMENTS--GENERAL INFORMATION
fixed length control field 170125s1994 ii a|||| b||| 00| 0 ben d
020 ## - INTERNATIONAL STANDARD BOOK NUMBER
Terms of availability : Tk. 100.00
035 ## - SYSTEM CONTROL NUMBER
System control number (BD-RjUL)62898
040 ## - CATALOGING SOURCE
Original cataloging agency BD-RjUL
Language of cataloging ben
Transcribing agency BD-RjUL
041 ## - LANGUAGE CODE
Language code of text/sound track or separate title ben
082 ## - DEWEY DECIMAL CLASSIFICATION NUMBER
Edition number 23
Classification number 759.954
Author mark and year BHB 1994
245 10 - TITLE STATEMENT
Title বাংলার চিত্রকলা /
Statement of responsibility, etc. অশোক ভট্টাচার্য
260 ## - PUBLICATION, DISTRIBUTION, ETC. (IMPRINT)
Place of publication, distribution, etc. কলকাতা :
Name of publisher, distributor, etc. পশ্চিমবঙ্গ বাংলা আকাদেমি,
Date of publication, distribution, etc. ১৯৯৪
300 ## - PHYSICAL DESCRIPTION
Pagination ২৪৭ পৃ. :
Illustrations চিত্র ;
Size ২১ সেমি.
504 ## - BIBLIOGRAPHY, ETC. NOTE
Bibliography, etc গ্রন্থপঞ্জি সংযুক্ত
650 ## - SUBJECT ADDED ENTRY--TOPICAL TERM
Topical term or geographic name as entry element চিত্র
General subdivision ইতিহাস
Geographic subdivision ভারত
9 (RLIN) 186574
Topical term or geographic name as entry element Painting
General subdivision History
Geographic subdivision India
9 (RLIN) 186575
942 ## - ADDED ENTRY ELEMENTS (KOHA)
Source of classification or shelving scheme Dewey Decimal Classification
Koha item type Books
Holdings
Lost status Source of classification or shelving scheme Damaged status Not for loan Collection code Permanent Location Current Location Shelving location Date acquired Source of acquisition Cost, normal purchase price Total Checkouts Full call number Date last seen Copy number Koha item type
  Dewey Decimal Classification   Not For Loan Non-fiction Central Library, University of Rajshahi Central Library, University of Rajshahi Reading Room 23/06/1996 Book House, Dhaka 156.00   B 759.954 BHB 1994 25/01/2017 C-1 Books